Top 1 ATP_Mort Subite - Statistiques

Statistiques générales
  • Ce quiz a été pris 86 fois
  • Le résultat moyen est 6 sur 12
Answers on the Grid
Answers color-coded by a green-red scale on the quiz's grid according to % correct below.
Alcaraz
Almagro
Becker
Borg
Bruguera
Carlsson
Chang
Cilic
De Minaur
Del Potro
Djokovic
Edberg
Haas
Kafelnikov
Kuerten
Laver
Medvedev
Moyà
Murray
Nalbandian
Noah
Sinner
Söderling
Vilas
Wawrinka
Wilander
Zverev
 
Statistiques - réponses
Réponse % Correct
Alcaraz
98%
Djokovic
83%
Sinner
78%
Murray
67%
Borg
60%
Medvedev
57%
Becker
51%
Edberg
37%
Kuerten
30%
Wilander
30%
Moyà
14%
Kafelnikov
13%
Aucun quiz correspondant
Distribution des résultats
% des personnes avec chaque résultat
Percentile par nombre de réponses
Votre historique - résultats
Vous n’avez pas pris ce quiz